Statistics for Saharan Capitals Quiz

Click here to take the quiz!

General Stats

  • This quiz has been taken 107 times
  • The average score is 8 of 10

Answer Stats

Capital City% Correct
Tunis
94%
Algiers
93%
Cairo
93%
Tripoli
93%
Rabat
92%
Khartoum
82%
N'Djamena
73%
Bamako
69%
Nouakchott
62%
Abuja
49%

Score Distribution

Percentile by Number Answered

Percent of People with Each Score

Your Score History

You have not taken this quiz